000 00577nam a22001937a 4500
003 bpm
005 20260428115127.0
008 260428b |||||||| |||| 00| j spa d
024 _aS. C. C. / M. C. y E. M.:
040 _aAR-CtUCP
041 _aspa
080 _aCDU
100 _aMauriño Mario Augusto
245 _aSu seguro servidor :
_bHistorias, anécdotas y evocaciones del Ferrocarril Económico de Corrientes
260 _aCorrientes
_bSEMPER
_c2013
650 _aHistoria - Relatos breves - Historia Correntina - Corrientes
942 _cLIB
999 _c76701
_d76701